000 00944nam a2200253 a 4500
003 CBULib
005 20240718101043.0
008 180906s2017 ||||||||||||||||| || u
020 _a9789213160190
040 _aCBULib
_bEnglish
_cCBULib
_erda
041 _aeng
050 _aUNECE(02)2017/3
110 _aUnited Nations Economic Commission for Europe (UNECE)
245 1 0 _aConvention on environmental impact assessment in transboundary context
_c/ by United Nations Economic Commission for Europe([UNECE)
260 _aNew York :
_bUnited Nations,
_c2017
300 _a62 pages
336 _2rdacontent
_aText |
_btxt
337 _2rdamedia
_aUnmediated |
_bn
338 _2rdacarrier
_aVolume
_bnc
650 0 _aTRANSBOUNDARY POLLUTION--LAW AND LEGISLATION--EUROPE
_93125
650 0 _aENVIRONMENTAL IMPACT ANALYSIS--LAW AND LEGISLATION--EUROPE
_93128
942 _2mc
_c029
999 _c38739
_d38739